Các yếu tố ảnh hưởng đến quá trình sấy và bảo quản bột tôm từ thịt đầu tôm sú : Luận văn Tốt nghiệp Cao học. Chuyên ngành Công nghệ thực phẩm

Đề tài xác định các yếu tố ảnh hưởng đến quá trình sấy thịt đầu tôm sú và bước đầu đánh giá khả năng bảo quản bột thịt đầu tôm.

保存先:
書誌詳細
第一著者: Nguyễn, Ngọc Thùy Dương
フォーマット: 図書
言語:Undetermined
出版事項: Cần Thơ Trường Đại học Cần Thơ 2014
主題:
タグ: タグ追加
タグなし, このレコードへの初めてのタグを付けませんか!
Thư viện lưu trữ: Trung tâm Học liệu Trường Đại học Cần Thơ
LEADER 01132nam a2200229Ia 4500
001 CTU_198527
008 210402s9999 xx 000 0 und d
082 |a 664.0284 
082 |b D561 
088 |a 60540101 
100 |a Nguyễn, Ngọc Thùy Dương 
245 0 |a Các yếu tố ảnh hưởng đến quá trình sấy và bảo quản bột tôm từ thịt đầu tôm sú : 
245 0 |b Luận văn Tốt nghiệp Cao học. Chuyên ngành Công nghệ thực phẩm 
245 0 |c Nguyễn Ngọc Thùy Dương ; Nguyễn Văn Mười (Cán bộ hướng dẫn) 
260 |a Cần Thơ 
260 |b Trường Đại học Cần Thơ 
260 |c 2014 
520 |a Đề tài xác định các yếu tố ảnh hưởng đến quá trình sấy thịt đầu tôm sú và bước đầu đánh giá khả năng bảo quản bột thịt đầu tôm. 
650 |a Thực phẩm,Food 
650 |x Sấy khô,Drying 
910 |a Hải 
980 |a Trung tâm Học liệu Trường Đại học Cần Thơ